000
00366nam a2200133Ia 4500
008
090123s9999 xx 000 0 und d
082
_b
23102
245
_a
एक सांस एक प्यास
250
_a
0
300
_a
136
630
_a
एक सांस एक प्यास
730
_a
एक सांस एक प्यास
942
_c
BOOK
999
_c
61174
_d
61174